Резонансное двойное магнитотормозное излучение в сильном магнитном поле; Журнал экспериментальной и теоретической физики; Т. 123, вып. 2

Dades bibliogràfiques
Parent link:Журнал экспериментальной и теоретической физики=ЖЭТФ/ Российская академия наук (РАН) ; Отделение физических наук РАН.— , 1931-.— 0044-4510
Т. 123, вып. 2.— 2003.— с. 356-361
Autor principal: Фомин П. И.
Altres autors: Холодов Р. И.
Idioma:rus
Publicat: 2003
Col·lecció:Твердые тела
Matèries:
Format: Capítol de llibre
KOHA link:https://koha.lib.tpu.ru/cgi-bin/koha/opac-detail.pl?biblionumber=431418

MARC

LEADER 00000naa2a2200000 4500
001 431418
005 20231101075401.0
035 |a (RuTPU)RU\TPU\prd\91533 
035 |a RU\TPU\prd\17485 
090 |a 431418 
100 |a 20101130a2003 k y0rusy50 ca 
101 0 |a rus 
102 |a RU 
200 1 |a Резонансное двойное магнитотормозное излучение в сильном магнитном поле  |f П. И. Фомин, Р. И. Холодов 
225 1 |a Твердые тела  |e Электронные свойства 
320 |a Библиогр.: 17 назв. 
461 1 |0 (RuTPU)RU\TPU\prd\1443  |x 0044-4510  |t Журнал экспериментальной и теоретической физики  |l ЖЭТФ  |f Российская академия наук (РАН) ; Отделение физических наук РАН  |d 1931- 
463 1 |0 (RuTPU)RU\TPU\prd\91527  |t Т. 123, вып. 2  |v с. 356-361  |d 2003 
610 1 |a магнитное поле 
610 1 |a магнитотормозное излучение 
610 1 |a квантовоэлектродинамические процессы 
610 1 |a электроны 
610 1 |a дифференциальная вероятность 
610 1 |a форма Брейта-Вигнера 
700 1 |a Фомин  |b П. И. 
701 1 |a Холодов  |b Р. И. 
801 1 |a RU  |b 63413507  |c 20030918  |g PSBO 
801 2 |a RU  |b 63413507  |c 20101130  |g RCR 
942 |c BK